[Event "56th TCh-DEN Ex 2017-18"]
[Site "Denmark DEN"]
[Date "2017.11.19"]
[Round "2.2"]
[Board "3"]
[White "Matthiesen, Arne"]
[Black "Aabling-Thomsen, Jakob"]
[Result "1-0"]
[WhiteTitle "FM"]
[BlackTitle "IM"]
[WhiteElo "2300"]
[BlackElo "2360"]
[WhiteTeam "SK1968"]
[BlackTeam "Bronshoj"]
[WhiteFideId "1403524"]
[BlackFideId "1407589"]
[EventDate "2017.11.18"]

1. Nf3 f5 2. d3 Nc6 3. g3 e5 4. Bg2 Nf6 5. O-O d5 6. c4 dxc4 7. Qa4 Bd6 8. Qxc4
Qe7 9. Nc3 Be6 10. Qb5 Bd7 11. Qxb7 Rb8 12. Qa6 O-O 13. Qc4+ Kh8 14. a3 e4 15.
dxe4 fxe4 16. Ng5 Na5 17. Qa6 Nb3 18. Rb1 Nxc1 19. Rbxc1 e3 20. f4 Rxb2 21. Qxa7
Bg4 22. Bf3 Bf5 23. Qa5 Qd7 24. Bc6 Qc8 25. Bg2 h6 26. Nge4 Bxe4 27. Nxe4 Nxe4
28. Bxe4 Qe8 29. Bd3 Rd2 30. Qd5 Qa8 31. Qxa8 Rxa8 32. Rf3 Re8 33. Bb5 Re7 34.
a4 Ra2 35. Kg2 Ra3 36. Rff1 Bb4 37. Ra1 Rxa1 38. Rxa1 Ba5 39. Kf3 g6 40. Ra3 Bd2
41. a5 c5 42. a6 Ra7 43. Rd3 Ba5 44. Rd6 Rc7 45. Rxg6 c4 46. Rxh6+ Kg7 47. Rc6
c3 48. Rxc7+ Bxc7 49. Bd3 Bb6 50. Ke4 1-0

[Event "56th TCh-DEN Ex 2017-18"]
[Site "Denmark DEN"]
[Date "2017.11.19"]
[Round "2.2"]
[Board "4"]
[White "Carstensen, Jacob"]
[Black "Bank, Pelle"]
[Result "1/2-1/2"]
[WhiteTitle "IM"]
[WhiteElo "2361"]
[BlackElo "2283"]
[WhiteTeam "Bronshoj"]
[BlackTeam "SK1968"]
[WhiteFideId "1404180"]
[BlackFideId "1402889"]
[EventDate "2017.11.18"]

1. d4 e6 2. e4 d5 3. Nc3 Nf6 4. Bg5 Be7 5. e5 Nfd7 6. h4 h6 7. Bxe7 Qxe7 8. Qg4
Rg8 9. f4 a6 10. Nf3 c5 11. dxc5 Nc6 12. Bd3 g6 13. a3 Nxc5 14. b4 Nxd3+ 15.
cxd3 Bd7 16. O-O O-O-O 17. Qg3 Kb8 18. Qf2 Rc8 19. Rfc1 Na7 20. Qb2 Qd8 21. Qf2
Qe7 22. Qb2 Qd8 23. Qf2 Qe7 24. Qb2 1/2-1/2

[Event "56th TCh-DEN Ex 2017-18"]
[Site "Denmark DEN"]
[Date "2017.11.19"]
[Round "2.2"]
[Board "5"]
[White "Hansen, Lars"]
[Black "Hoi, Carsten"]
[Result "1/2-1/2"]
[BlackTitle "GM"]
[WhiteElo "2243"]
[BlackElo "2354"]
[WhiteTeam "SK1968"]
[BlackTeam "Bronshoj"]
[WhiteFideId "1402528"]
[BlackFideId "1400100"]
[EventDate "2017.11.18"]

1. e4 Nc6 2. d4 e5 3. Nf3 exd4 4. Bc4 d6 5. Nxd4 g6 6. O-O Bg7 7. Nxc6 bxc6 8.
Nc3 Ne7 9. Bg5 O-O 10. f4 Kh8 11. Qe2 f6 12. Bh4 Rb8 13. Rad1 Qe8 14. Rde1 Bd7
15. g4 c5 16. f5 1/2-1/2

[Event "56th TCh-DEN Ex 2017-18"]
[Site "Denmark DEN"]
[Date "2017.11.19"]
[Round "2.2"]
[Board "6"]
[White "Palm, Nikolaj"]
[Black "Ramsdal, Jens Albert"]
[Result "0-1"]
[WhiteTitle "FM"]
[WhiteElo "2319"]
[BlackElo "2251"]
[WhiteTeam "Bronshoj"]
[BlackTeam "SK1968"]
[WhiteFideId "1402145"]
[BlackFideId "1429221"]
[EventDate "2017.11.18"]

1. d4 Nf6 2. c4 g6 3. Nc3 Bg7 4. e4 d6 5. f3 O-O 6. Be3 c5 7. Nge2 Nbd7 8. Qd2
a6 9. g4 Qa5 10. Ng3 cxd4 11. Bxd4 Ne5 12. Be2 Be6 13. g5 Ne8 14. b3 f5 15. gxf6
Bxf6 16. O-O Bh3 17. Rf2 Nc6 18. Bxf6 Nxf6 19. Bf1 Bd7 20. Re1 e5 21. Re3 Nd4
22. Rd3 Qc5 23. Bg2 Rf7 24. h3 Raf8 25. Nce2 Nh5 26. b4 Nxe2+ 27. Nxe2 Qxc4 28.
Rxd6 Bc6 29. Qc3 Qb5 30. Qb3 a5 31. bxa5 Qxa5 32. Nc3 Nf4 33. Rf6 Kg7 34. Rxf7+
Rxf7 35. Rd2 Qc5+ 36. Kh2 Qe3 37. Nb1 Nxg2 38. Rxg2 Qxb3 39. axb3 Rxf3 40. Nd2
Rd3 41. Rf2 Bd7 42. Nf3 Rxb3 43. Nxe5 Rxh3+ 44. Kg2 Be6 45. Rd2 Re3 46. Rd4 Kf6
47. Nd3 Kg5 48. Kf2 Rh3 49. Nc5 Bc8 50. Rd8 b6 51. Rxc8 bxc5 52. Rxc5+ Kf4 53.
Rc7 Kxe4 54. Kg2 Rh5 55. Rf7 Ke5 56. Kg3 Ke6 57. Ra7 Kf6 58. Kg4 Rh1 59. Ra6+
Kg7 60. Rb6 h5+ 61. Kg5 Rg1+ 62. Kh4 Rg4+ 63. Kh3 Rf4 64. Kg3 Rf6 65. Rb5 Kh6
66. Ra5 Rf5 67. Ra8 Kg5 68. Ra4 Rb5 69. Ra3 h4+ 70. Kh3 Kh5 71. Ra8 Rb3+ 72. Kh2
g5 73. Kg2 Rb2+ 74. Kf3 g4+ 75. Kf4 Rf2+ 76. Ke3 Rf3+ 77. Ke2 h3 0-1

[Event "56th TCh-DEN Ex 2017-18"]
[Site "Denmark DEN"]
[Date "2017.11.19"]
[Round "2.2"]
[Board "7"]
[White "Christensen, Thomas2"]
[Black "Laursen, Niels Norskov"]
[Result "0-1"]
[BlackTitle "FM"]
[WhiteElo "2221"]
[BlackElo "2304"]
[WhiteTeam "SK1968"]
[BlackTeam "Bronshoj"]
[WhiteFideId "1407635"]
[BlackFideId "1404709"]
[EventDate "2017.11.18"]

1. d4 d6 2. Nf3 Nf6 3. c4 g6 4. Nc3 Bg7 5. Bg5 O-O 6. e3 c5 7. Be2 h6 8. Bh4 Qb6
9. Qd2 g5 10. Bg3 Bf5 11. h3 Ne4 12. Nxe4 Bxe4 13. Rd1 Nc6 14. d5 Nb4 15. b3
Nc2+ 16. Kf1 Qb4 17. Bd3 Qxd2 18. Rxd2 Bxd3+ 19. Rxd3 a6 20. Rd2 Na3 21. Ke2 b5
22. Kd3 Rfb8 23. e4 bxc4+ 24. bxc4 Rb4 25. Rc1 Bb2 26. Rxb2 Rxb2 27. e5 dxe5 28.
Nxe5 f5 29. Nc6 f4 30. Bh2 Re8 31. Bg1 e5 32. f3 Nb1 33. Bxc5 e4+ 34. Kd4 Rd2# 0-1

[Event "56th TCh-DEN Ex 2017-18"]
[Site "Denmark DEN"]
[Date "2017.11.19"]
[Round "2.2"]
[Board "8"]
[White "Skousen, Nikolai"]
[Black "Miqueu, Jean-Philippe"]
[Result "1/2-1/2"]
[WhiteTitle "FM"]
[WhiteElo "2203"]
[BlackElo "2118"]
[WhiteTeam "Bronshoj"]
[BlackTeam "SK1968"]
[WhiteFideId "1401432"]
[BlackFideId "642851"]
[EventDate "2017.11.18"]

1. Nf3 d5 2. g3 Nf6 3. Bg2 c6 4. O-O Bg4 5. h3 Bh5 6. d3 e6 7. Nbd2 Nbd7 8. e4
Bd6 9. Qe1 Qc7 10. b3 Bb4 11. g4 Bc3 12. Rb1 Bg6 13. Bb2 Bxb2 14. Rxb2 dxe4 15.
dxe4 e5 16. Qe3 O-O 17. Ne1 Rfd8 18. Nd3 Nf8 19. Nc4 N6d7 20. Rbb1 Ne6 21. Rbd1
f6 22. Rfe1 Bf7 23. Qc1 Nf4 24. Ne3 Nxd3 25. Rxd3 Nc5 26. Rxd8+ Rxd8 27. Rd1
Rxd1+ 28. Qxd1 g6 29. Qd2 Ne6 30. Bf1 Nf4 31. Kh2 Kg7 32. Bc4 Be8 33. b4 Kf8 34.
Ng2 g5 35. Nxf4 gxf4 36. Kg2 Ke7 37. Kf3 Qd6 38. Qxd6+ Kxd6 39. Ke2 c5 40. c3
Bc6 41. f3 b6 42. a3 h6 43. Kd2 Bd7 1/2-1/2

[Event "56th TCh-DEN Ex 2017-18"]
[Site "Denmark DEN"]
[Date "2017.11.19"]
[Round "2.3"]
[Board "1"]
[White "Thybo, Jesper Sondergaard"]
[Black "Hector, Jonny"]
[Result "1-0"]
[WhiteTitle "IM"]
[BlackTitle "GM"]
[WhiteElo "2472"]
[BlackElo "2493"]
[WhiteTeam "Jetsmark"]
[BlackTeam "Nordkalotten"]
[WhiteFideId "1438832"]
[BlackFideId "1700090"]
[EventDate "2017.11.18"]

1. d4 d5 2. c4 c6 3. Nc3 Nf6 4. e3 Bf5 5. cxd5 cxd5 6. Qb3 Nc6 7. Qxb7 Bd7 8.
Qb3 Rb8 9. Qd1 e5 10. Nf3 Bd6 11. dxe5 Nxe5 12. Be2 O-O 13. O-O Qe7 14. Nd4 Rfc8
15. h3 Rb6 16. a4 Bb8 17. a5 Rb4 18. Na2 Rbc4 19. Bxc4 dxc4 20. Bd2 Ne4 21. Nc3
Nc5 22. f4 Ned3 23. Qf3 Nxb2 24. e4 Nbd3 25. Rab1 Qd8 26. Nd5 Be6 27. Rxb8 Rxb8
28. Nc6 Qe8 29. Nde7+ Kh8 30. f5 Bd7 31. f6 g5 32. Nxb8 Qxb8 33. Bxg5 Ne5 34.
Qg3 1-0

[Event "56th TCh-DEN Ex 2017-18"]
[Site "Denmark DEN"]
[Date "2017.11.19"]
[Round "2.3"]
[Board "2"]
[White "Jepson, Christian"]
[Black "Rasmussen, Allan Stig"]
[Result "0-1"]
[WhiteTitle "IM"]
[BlackTitle "GM"]
[WhiteElo "2404"]
[BlackElo "2540"]
[WhiteTeam "Nordkalotten"]
[BlackTeam "Jetsmark"]
[WhiteFideId "1701185"]
[BlackFideId "1406000"]
[EventDate "2017.11.18"]

1. c4 Nf6 2. Nc3 e6 3. Nf3 d5 4. d4 Bb4 5. e3 O-O 6. Bd3 b6 7. O-O Ba6 8. cxd5
exd5 9. Bxa6 Nxa6 10. Qd3 Qc8 11. e4 Bxc3 12. e5 Bxd4 13. Qxd4 c5 14. Qd1 Nd7
15. Qxd5 Nb4 16. Qc4 Qc6 17. Rd1 Rae8 18. a3 b5 19. Qb3 Na6 20. a4 b4 21. Rd6
Qc8 22. Qc4 Nc7 23. Bf4 Ne6 24. Be3 Qc7 25. Rad1 Rd8 26. Qe4 Nb6 27. b3 Nc8 28.
R6d2 h6 29. Qg4 Rxd2 30. Rxd2 Ne7 31. h4 Rd8 32. Bxh6 Ng6 33. h5 Rxd2 34. Bxd2
Nxe5 35. Nxe5 Qxe5 36. Be3 Qd5 37. h6 Qxb3 38. Bxc5 Qb1+ 39. Kh2 b3 40. Ba3 Qg6
41. Qf3 Qxh6+ 42. Kg1 Qd2 43. Qa8+ Kh7 44. Qxa7 Nd4 45. g3 Qe1+ 46. Kg2 Qe4+ 47.
Kh2 Nf3+ 48. Kh3 Ne5 49. Kh2 f5 50. a5 Nf3+ 51. Kg2 Nh4+ 52. Kf1 Qb1+ 53. Ke2
Qa2+ 54. Kd3 Qc2+ 55. Ke3 Ng2+ 56. Kd4 Qxf2+ 0-1

[Event "56th TCh-DEN Ex 2017-18"]
[Site "Denmark DEN"]
[Date "2017.11.19"]
[Round "2.3"]
[Board "3"]
[White "Jensen, Bjarke"]
[Black "Sylvan, Jacob"]
[Result "0-1"]
[WhiteTitle "FM"]
[BlackTitle "FM"]
[WhiteElo "2319"]
[BlackElo "2360"]
[WhiteTeam "Jetsmark"]
[BlackTeam "Nordkalotten"]
[WhiteFideId "1403702"]
[BlackFideId "1402137"]
[EventDate "2017.11.18"]

1. e4 c5 2. Nf3 e6 3. d4 cxd4 4. Nxd4 Nc6 5. Nc3 Qc7 6. g3 a6 7. Bg2 Nf6 8. O-O
Be7 9. h3 O-O 10. Nde2 d6 11. g4 b5 12. a3 Bb7 13. g5 Nd7 14. f4 Rfe8 15. h4
Rac8 16. Ng3 Bf8 17. h5 Nb6 18. g6 fxg6 19. hxg6 hxg6 20. Qg4 Qf7 21. Nce2 d5
22. b3 Nd7 23. exd5 exd5 24. Qg5 Nf6 25. Bb2 Nd8 26. f5 gxf5 27. Nxf5 Qh5 28.
Qxh5 Nxh5 29. Ned4 Ne6 30. Nxe6 Rxe6 31. Nd4 Rg6 32. Rf2 Ng3 33. Re1 Ne4 34. Rf3
Bd6 35. c3 Be5 36. Re2 Bf6 37. Kh2 Rf8 38. Bc1 Be5+ 39. Kg1 Bxd4+ 0-1

[Event "56th TCh-DEN Ex 2017-18"]
[Site "Denmark DEN"]
[Date "2017.11.19"]
[Round "2.3"]
[Board "4"]
[White "Kristensen, Kaare Hove"]
[Black "Wiwe, Andreas"]
[Result "0-1"]
[WhiteTitle "FM"]
[BlackTitle "FM"]
[WhiteElo "2318"]
[BlackElo "2286"]
[WhiteTeam "Nordkalotten"]
[BlackTeam "Jetsmark"]
[WhiteFideId "1400940"]
[BlackFideId "1407937"]
[EventDate "2017.11.18"]

1. c4 e5 2. Nc3 Nc6 3. g3 Bc5 4. Bg2 a6 5. e3 d6 6. Nge2 Ba7 7. O-O h5 8. h3 f5
9. f3 Be6 10. Nd5 Qd7 11. Nec3 Nd8 12. Qb3 c6 13. Nb6 Bxb6 14. Qxb6 Bxc4 15. d3
Be6 16. d4 Nf7 17. dxe5 Nxe5 18. b3 Nf6 19. Ba3 Rd8 20. Rad1 Nf7 21. Qd4 O-O 22.
Kh2 c5 23. Qd2 Qc7 24. e4 h4 25. Nd5 hxg3+ 26. Kxg3 Bxd5 27. exd5 Rde8 28. Kh2
Re7 29. Bb2 Ne5 30. f4 Ng6 31. Rde1 Ne4 32. Bxe4 fxe4 33. f5 Ne5 34. Rxe4 Nf3+
35. Rxf3 Rxe4 36. Rg3 Rf7 37. f6 Qd7 38. fxg7 Qf5 39. Rg2 Qf4+ 40. Qxf4 Rexf4
41. Kg3 Rf3+ 42. Kg4 Rf2 43. Rxf2 Rxf2 44. Bc1 Kxg7 45. Bf4 b5 46. Bxd6 c4 47.
bxc4 bxc4 48. Be5+ Kf7 49. h4 Rd2 50. d6 Rd5 51. Bf4 c3 52. h5 c2 53. h6 Kg6 54.
Kf3 Rxd6 0-1

[Event "56th TCh-DEN Ex 2017-18"]
[Site "Denmark DEN"]
[Date "2017.11.19"]
[Round "2.3"]
[Board "5"]
[White "Rosenkilde, Alexander"]
[Black "Hove, Esben Kjems"]
[Result "1-0"]
[BlackTitle "FM"]
[WhiteElo "2216"]
[BlackElo "2325"]
[WhiteTeam "Jetsmark"]
[BlackTeam "Nordkalotten"]
[WhiteFideId "1408488"]
[BlackFideId "1401505"]
[EventDate "2017.11.18"]

1. d4 d5 2. c4 c6 3. Nf3 Nf6 4. Nc3 dxc4 5. a4 Bf5 6. Ne5 Nbd7 7. Nxc4 Qc7 8. g3
e5 9. dxe5 Nxe5 10. Bf4 Nfd7 11. Bg2 f6 12. Nxe5 Nxe5 13. O-O g5 14. Be3 Be7 15.
Qb3 Bg6 16. a5 Bf7 17. Qc2 Nc4 18. Bd4 Rd8 19. Rfd1 c5 20. Nb5 Qb8 21. Bc3 O-O
22. Qe4 Rxd1+ 23. Rxd1 Rd8 24. Rxd8+ Bxd8 25. Qf5 a6 26. Be4 axb5 27. Qxh7+ Kf8
28. Qh8+ Ke7 29. Bxf6+ Kd7 30. Bf5+ Kc6 31. Bxd8 Qd6 32. Bxg5 Qd1+ 33. Kg2 Qxe2
34. Qc8+ 1-0

[Event "56th TCh-DEN Ex 2017-18"]
[Site "Denmark DEN"]
[Date "2017.11.19"]
[Round "2.3"]
[Board "6"]
[White "Nielsen, Lars Aaes"]
[Black "Rathlev, Jakob"]
[Result "0-1"]
[WhiteTitle "FM"]
[BlackTitle "CM"]
[WhiteElo "2245"]
[BlackElo "2218"]
[WhiteTeam "Nordkalotten"]
[BlackTeam "Jetsmark"]
[WhiteFideId "1401726"]
[BlackFideId "1405284"]
[EventDate "2017.11.18"]

1. e4 c6 2. c4 d5 3. exd5 cxd5 4. cxd5 Nf6 5. Bb5+ Nbd7 6. Nc3 a6 7. Bxd7+ Qxd7
8. Nf3 Nxd5 9. O-O f6 10. Qb3 e6 11. Re1 Be7 12. Nxd5 Qxd5 13. Qxd5 exd5 14. b3
Kf7 15. Nd4 Bd7 16. Bb2 Rhc8 17. Rac1 Bb4 18. Bc3 Ba3 19. Rb1 Bd6 20. Rbc1 b5
21. Nc2 a5 22. a3 Ra7 23. Bb2 Rac7 24. Nd4 Be5 25. Rxc7 Rxc7 26. Ba1 g5 27. h3
h5 28. Kf1 Kg6 29. Ke2 b4 30. a4 Bc8 31. Nb5 Ba6 32. Kd1 Bxb5 33. Bxe5 fxe5 34.
axb5 Kf5 35. Ke2 Rb7 36. Rc1 Rxb5 37. Rc6 Ke4 38. Rg6 a4 39. bxa4 b3 40. axb5 b2
41. Rxg5 b1=Q 42. f3+ Kd4 43. Rxh5 Qxb5+ 44. Ke1 Qb1+ 45. Ke2 Qd3+ 46. Ke1 Qg6
47. g4 Qb1+ 48. Kf2 Qd1 49. Rf5 Qxd2+ 50. Kg3 Qe1+ 51. Kg2 e4 52. fxe4 dxe4 53.
g5 Qe2+ 54. Kg3 Qh5 55. h4 e3 56. Ra5 Qd1 57. Ra8 Qg1+ 0-1

[Event "56th TCh-DEN Ex 2017-18"]
[Site "Denmark DEN"]
[Date "2017.11.19"]
[Round "2.3"]
[Board "7"]
[White "Wilbrandt, Simon Pil"]
[Black "Jakobsen, Peter"]
[Result "1/2-1/2"]
[BlackTitle "FM"]
[WhiteElo "2115"]
[BlackElo "2182"]
[WhiteTeam "Jetsmark"]
[BlackTeam "Nordkalotten"]
[WhiteFideId "1436988"]
[BlackFideId "1401440"]
[EventDate "2017.11.18"]

1. d4 Nf6 2. c4 e6 3. Nc3 Bb4 4. f3 Nc6 5. e3 O-O 6. Bd3 Nh5 7. Nh3 f5 8. O-O
Bxc3 9. bxc3 d6 10. Qe2 Qh4 11. Bd2 e5 12. Be1 Qe7 13. f4 e4 14. Bc2 g6 15. Bb3 1/2-1/2

[Event "56th TCh-DEN Ex 2017-18"]
[Site "Denmark DEN"]
[Date "2017.11.19"]
[Round "2.3"]
[Board "8"]
[White "Ejsing, Esben"]
[Black "Grubert, Christian"]
[Result "1-0"]
[WhiteElo "2161"]
[BlackElo "2156"]
[WhiteTeam "Nordkalotten"]
[BlackTeam "Jetsmark"]
[WhiteFideId "1418572"]
[BlackFideId "1406744"]
[EventDate "2017.11.18"]

1. e4 c5 2. d3 g6 3. g3 Bg7 4. Bg2 Nc6 5. f4 d6 6. Nf3 Nf6 7. O-O O-O 8. c3 e5
9. Na3 Bg4 10. h3 Bxf3 11. Qxf3 exf4 12. gxf4 Qd7 13. Nc4 Rad8 14. Ne3 Nh5 15.
Bd2 Ne7 16. f5 Nf6 17. Ng4 d5 18. Nxf6+ Bxf6 19. Bh6 dxe4 20. dxe4 Nc6 21. Bxf8
Rxf8 22. fxg6 fxg6 23. e5 Nxe5 24. Qxb7 Qxb7 25. Bxb7 Kg7 26. b3 g5 27. Rad1 Rf7
28. Bd5 Rc7 29. Be6 Re7 30. Bf5 c4 31. b4 h5 32. b5 Rb7 33. a4 Rb6 34. Rd5 a6
35. bxa6 Rxa6 36. a5 g4 37. Kg2 Kh6 38. Bc8 gxh3+ 39. Kxh3 Rc6 40. Rxf6+ Rxf6
41. Rxe5 Rf3+ 42. Kh4 Rxc3 43. a6 Ra3 44. Rc5 c3 45. Rc6+ Kg7 46. Kxh5 1-0

[Event "56th TCh-DEN Ex 2017-18"]
[Site "Denmark DEN"]
[Date "2017.11.19"]
[Round "2.4"]
[Board "1"]
[White "Hagen, Andreas Skytte"]
[Black "Teplyi, Igor"]
[Result "1/2-1/2"]
[WhiteTitle "IM"]
[BlackTitle "IM"]
[WhiteElo "2383"]
[BlackElo "2412"]
[WhiteTeam "Aarhus/Skolerne"]
[BlackTeam "Nordre"]
[WhiteFideId "1407341"]
[BlackFideId "1413767"]
[EventDate "2017.11.18"]

1. e4 c5 2. Nf3 d6 3. d4 cxd4 4. Nxd4 Nf6 5. Nc3 a6 6. Be3 e5 7. Nf3 Be7 8. Bc4
O-O 9. O-O Be6 10. Bxe6 fxe6 11. Na4 Nfd7 12. c4 Nc6 13. Qb3 Na5 14. Qd3 Qc7 15.
Rac1 Nc5 16. Qa3 Nxa4 17. Qxa4 Nc6 18. Qb3 Na5 19. Qb6 Qxb6 20. Bxb6 Bd8 21.
Bxa5 Bxa5 22. c5 d5 23. Nxe5 dxe4 24. Rc4 Rf5 25. Rxe4 Bc7 26. Rfe1 Rd8 27. g4
Rxe5 28. Rxe5 Bxe5 29. Rxe5 Rd2 30. Rxe6 Rxb2 31. Rb6 Rxa2 32. Rxb7 Rc2 33. Rc7
a5 34. Kg2 a4 35. h4 h6 36. Kg3 a3 37. Ra7 Rxc5 38. Rxa3 Kf7 39. Ra7+ Kf6 40.
Ra6+ Kf7 41. Rb6 Ra5 42. Rd6 Ra4 43. Rd1 Rb4 44. Rf1 Rb3+ 45. f3 Kf6 46. Re1 Rb4
47. Re3 Ra4 48. Rb3 Rc4 49. Rb5 Ra4 50. Rf5+ Kg6 51. h5+ Kh7 52. Rf8 Rb4 53. Re8
Ra4 54. Kf2 Ra3 55. Kg3 Ra4 56. Re4 Ra3 57. Kf4 Rb3 58. Re3 Rb5 59. Re5 Rb3 60.
Ke4 Ra3 61. Rd5 Kg8 62. Rd7 Kh7 63. Re7 Rb3 64. f4 Rb4+ 65. Kf5 Rb5+ 66. Re5 Rb1
67. Ra5 Rf1 68. Rb5 Rf2 69. Ke4 Re2+ 70. Kf3 Re1 71. Rb7 Ra1 72. Re7 Rf1+ 73.
Kg3 Rg1+ 74. Kh3 Rh1+ 75. Kg2 Ra1 76. Re2 Ra3 77. Kf2 Rb3 78. Re3 Rb4 79. Kf3
Ra4 80. Rd3 Ra1 81. Ke4 Rg1 82. Kf5 Rf1 83. Rd7 Rf2 84. Rf7 Ra2 85. g5 hxg5 86.
fxg5 Rf2+ 87. Ke6 Re2+ 88. Kd6 Rg2 89. Rf5 g6 90. Rf7+ Kg8 91. hxg6 Rxg5 92. Rf6
Kg7 93. Re6 Rxg6 1/2-1/2

[Event "56th TCh-DEN Ex 2017-18"]
[Site "Denmark DEN"]
[Date "2017.11.19"]
[Round "2.4"]
[Board "2"]
[White "Petersen, Tom Petri"]
[Black "Sorensen, Jan"]
[Result "1-0"]
[WhiteTitle "FM"]
[BlackTitle "IM"]
[WhiteElo "2293"]
[BlackElo "2420"]
[WhiteTeam "Nordre"]
[BlackTeam "Aarhus/Skolerne"]
[WhiteFideId "1403486"]
[BlackFideId "1400150"]
[EventDate "2017.11.18"]

1. g3 d5 2. Nf3 Nf6 3. Bg2 e6 4. O-O Be7 5. c4 O-O 6. cxd5 exd5 7. d4 c6 8. Nc3
Nbd7 9. Qd3 Re8 10. Bd2 Bd6 11. Nh4 Nb6 12. Rad1 Bb4 13. Nb1 Bf8 14. Nc3 a5 15.
b3 a4 16. e3 axb3 17. axb3 Be6 18. Ra1 Qd7 19. Nf3 Bf5 20. Qe2 Bg4 21. Qd3 Bf5
22. Qe2 Bc2 23. Ne5 Qc7 24. b4 Nfd7 25. Nd3 Nc4 26. Rac1 Bb3 27. b5 Qa5 28. Rb1
Nxd2 29. Qxd2 Bc4 30. Rfc1 Bxb5 31. Qd1 Ba6 32. Bh3 Nf6 33. Ne5 Bd6 34. f4 Bb4
35. Ra1 Qd8 36. Bf5 g6 37. Bh3 Qe7 38. Rab1 Bd6 39. Bg2 Bb4 40. Qb3 Bxc3 41.
Qxc3 Nd7 42. Bf1 Bxf1 43. Kxf1 Nf6 44. Qb4 Ne4 45. Qxb7 Nd2+ 46. Kg2 Nxb1 47.
Rxb1 Qe6 48. Rb2 Rac8 49. Rc2 Re7 50. Qa6 Rec7 51. Qa3 f6 52. Nf3 Qe4 53. Rc3
Kg7 54. h4 Rb7 55. Kf2 Rcb8 56. g4 Qb1 57. Kg3 Qf1 58. Rxc6 Kh6 59. g5+ Kh5 60.
Rc2 Qb1 61. Qd3 Rb2 62. Qe2 fxg5 63. hxg5 Qxc2 64. Nd2# 1-0

[Event "56th TCh-DEN Ex 2017-18"]
[Site "Denmark DEN"]
[Date "2017.11.19"]
[Round "2.4"]
[Board "3"]
[White "Skytte, Rasmus"]
[Black "Olsen, Filip Boe"]
[Result "1/2-1/2"]
[WhiteTitle "IM"]
[BlackTitle "FM"]
[WhiteElo "2394"]
[BlackElo "2267"]
[WhiteTeam "Aarhus/Skolerne"]
[BlackTeam "Nordre"]
[WhiteFideId "1404210"]
[BlackFideId "1440640"]
[EventDate "2017.11.18"]

1. e4 c6 2. d4 d5 3. exd5 cxd5 4. c4 Nf6 5. Nc3 Nc6 6. Nf3 Bg4 7. Bg5 dxc4 8.
Bxc4 Bxf3 9. Qxf3 Qxd4 10. Bb5 Qe5+ 11. Be3 Rc8 12. O-O a6 13. Bf4 Qh5 14. Bxc6+
Rxc6 15. Qe3 Qc5 16. Qg3 Nh5 17. Qh4 Nxf4 18. Qxf4 Qd6 19. Qf3 e6 20. Rad1 Qc7
21. Qg4 Rc4 22. Rd4 Rxd4 23. Qxd4 Qd7 24. Qa7 Be7 25. Qb8+ Bd8 26. Ne4 O-O 27.
Nc5 Qc6 28. b4 b6 29. Nxa6 Qc4 30. Qb7 Qxa2 31. g3 Qc4 32. Rd1 b5 33. Nb8 Qxb4
34. Nd7 Re8 35. Qc6 Qe7 36. Ne5 Rf8 37. Nd7 Re8 38. Ne5 Rf8 1/2-1/2

[Event "56th TCh-DEN Ex 2017-18"]
[Site "Denmark DEN"]
[Date "2017.11.19"]
[Round "2.4"]
[Board "4"]
[White "Sloth, Jorn"]
[Black "Rasmussen, Karsten"]
[Result "1-0"]
[WhiteTitle "FM"]
[BlackTitle "IM"]
[WhiteElo "2295"]
[BlackElo "2440"]
[WhiteTeam "Nordre"]
[BlackTeam "Aarhus/Skolerne"]
[WhiteFideId "1400240"]
[BlackFideId "1400088"]
[EventDate "2017.11.18"]

1. c4 e5 2. Nf3 e4 3. Nd4 Nf6 4. Nc3 Bc5 5. Nb3 Bb4 6. Qc2 Qe7 7. e3 O-O 8. d4
exd3 9. Bxd3 Nc6 10. Bd2 Ne5 11. Nd5 Bxd2+ 12. Nxd2 Nxd3+ 13. Qxd3 Nxd5 14. cxd5
Qe5 15. d6 Qxb2 16. O-O cxd6 17. Nc4 Qb5 18. a4 Qc6 19. Nxd6 Rb8 20. Rfc1 Qb6
21. a5 Qd8 22. Qd4 Qe7 23. Rc7 b5 24. Qxa7 Bb7 25. Nxb7 b4 26. Qb6 f5 27. Rd1
Rf6 28. Qb5 Rg6 29. g3 Qe4 30. Qd5+ Qxd5 31. Rxd5 Rc6 32. Rcxd7 b3 33. Rb5 1-0

[Event "56th TCh-DEN Ex 2017-18"]
[Site "Denmark DEN"]
[Date "2017.11.19"]
[Round "2.4"]
[Board "5"]
[White "Christensen, Tobias"]
[Black "Baekgaard, Martin"]
[Result "1-0"]
[WhiteTitle "IM"]
[BlackTitle "FM"]
[WhiteElo "2352"]
[BlackElo "2297"]
[WhiteTeam "Aarhus/Skolerne"]
[BlackTeam "Nordre"]
[WhiteFideId "1400673"]
[BlackFideId "1405586"]
[EventDate "2017.11.18"]

1. e4 e5 2. Nf3 Nc6 3. d4 exd4 4. Nxd4 Bc5 5. Nxc6 Qf6 6. Qf3 dxc6 7. Bd3 Qxf3
8. gxf3 Ne7 9. Be3 Bb6 10. Nd2 O-O 11. f4 Kh8 12. a3 Bg4 13. h3 Bh5 14. Be2 Bxe2
15. Kxe2 f5 16. e5 Bxe3 17. fxe3 g5 18. Rhg1 gxf4 19. exf4 Rad8 20. Nb3 b6 21.
Rad1 c5 22. c3 a5 23. a4 Ng6 24. Ke3 Kg7 25. Nd2 Kf7 26. Nf3 h6 27. e6+ Kf6 28.
Rxg6+ 1-0

[Event "56th TCh-DEN Ex 2017-18"]
[Site "Denmark DEN"]
[Date "2017.11.19"]
[Round "2.4"]
[Board "6"]
[White "Christensen, Jan"]
[Black "Vinter-Schou, Uffe"]
[Result "0-1"]
[BlackTitle "IM"]
[WhiteElo "2180"]
[BlackElo "2336"]
[WhiteTeam "Nordre"]
[BlackTeam "Aarhus/Skolerne"]
[WhiteFideId "1400916"]
[BlackFideId "1400568"]
[EventDate "2017.11.18"]

1. d4 Nf6 2. Nf3 g6 3. Nc3 Bg7 4. e4 d5 5. Bd3 dxe4 6. Nxe4 Nxe4 7. Bxe4 Nd7 8.
O-O O-O 9. h3 c5 10. c3 Nf6 11. Bc2 Qc7 12. Re1 Bf5 13. Bxf5 gxf5 14. Ne5 cxd4
15. cxd4 Rad8 16. Bf4 Qb6 17. Qc2 Qxd4 18. Qxf5 e6 19. Qg5 Nd5 20. Bg3 f6 21.
Qg4 fxe5 22. Qxe6+ Kh8 23. Rad1 Nf4 24. Rxd4 Nxe6 25. Rxd8 Rxd8 26. Bxe5 Bxe5
27. Rxe5 Rd6 28. f4 Nxf4 29. Re8+ Kg7 30. Re7+ Kg6 31. Rxb7 Rb6 32. Rxa7 Rxb2
33. a4 Rxg2+ 34. Kf1 Ra2 35. h4 h6 36. Ra8 Kh5 37. a5 Kxh4 38. a6 h5 39. a7 Nd5 0-1

[Event "56th TCh-DEN Ex 2017-18"]
[Site "Denmark DEN"]
[Date "2017.11.19"]
[Round "2.4"]
[Board "7"]
[White "Ochsner, Thomas"]
[Black "Klitgaard, Thomas"]
[Result "0-1"]
[WhiteElo "2301"]
[BlackElo "2195"]
[WhiteTeam "Aarhus/Skolerne"]
[BlackTeam "Nordre"]
[WhiteFideId "1400711"]
[BlackFideId "1408267"]
[EventDate "2017.11.18"]

1. e4 c5 2. Nf3 g6 3. c3 Nc6 4. d4 d5 5. e5 cxd4 6. cxd4 Bg4 7. Be2 Nh6 8. b3
Nf5 9. Bb2 Qa5+ 10. Bc3 Qb6 11. Nbd2 e6 12. O-O Bb4 13. Rc1 Bxf3 14. Nxf3 Bxc3
15. Rxc3 Nfxd4 16. Qd2 Nxf3+ 17. Bxf3 O-O 18. Qh6 Qd4 19. Re3 Nxe5 20. Be2 Nc6
21. h4 Qg7 22. Qg5 h6 23. Qg3 e5 24. Bb5 Nd4 25. Bd7 Rad8 26. Bh3 Rfe8 27. Rc1
f5 28. Ree1 f4 29. Qd3 e4 30. Qd2 f3 31. Rcd1 Ne2+ 32. Kh1 d4 33. gxf3 exf3 34.
Bg4 Re4 35. Bxf3 Rxh4+ 36. Kg2 Nf4+ 37. Kf1 Qf6 38. Qa5 Rh3 39. Bxb7 Qh4 40. Kg1
Qg5+ 41. Qxg5 hxg5 42. Rd2 Rc3 43. Red1 g4 44. Ba6 d3 45. Kh2 Kg7 46. f3 gxf3
47. Kg3 g5 48. Kxf3 Kf6 49. Ke4 Re8+ 50. Kd4 Ne2+ 51. Kd5 Re5+ 0-1